000 00294nam a22001217a 4500
008 170829b xxu||||| |||| 00| 0 eng d
041 _aeng
080 _a070
100 _a39
101 _aMED
245 _aSTAFF DEVELOPMENT: A HANDBOOK OF EFFECTIVE PRACTICES
_cCALDWELL,S.D
942 _2udc
_cBK
999 _c25271
_d25271